| 000 | 00910 a2200217 4500 | ||
|---|---|---|---|
| 999 |
_c6325 _d6325 |
||
| 020 | _a9789251069721 | ||
| 020 | _a9251069727 | ||
| 050 | 0 | 0 | _aSF105.3 DEV 2011 |
| 245 | 0 | 0 | _aDeveloping the institutional framework for the management of animal genetic resources. |
| 264 |
_aItaly: _bFood and Agriculture Organization, _c2011 |
||
| 300 |
_aix, 112 p. : _bill. ; |
||
| 500 | _aIncludes a list of FAO animal production and health guidelines. | ||
| 504 | _aIncludes bibliographical references (p. 109-112). | ||
| 650 | 0 | _aGermplasm resources, Animal. | |
| 650 | 2 |
_aGermplasm resources, Animal _xmanagement. |
|
| 710 | 2 | _aCommission on Genetic Resources for Food and Agriculture. | |
| 856 | 4 | 1 | _uhttp://www.fao.org/docrep/014/ba0054e/ba0054e00.pdf |
| 942 |
_2lcc _cBK _h105.3 _iDEV _kSF |
||